Wealth from waste: local and regional economic development and the environment (Record no. 117724)
[ view plain ]
| 000 -LEADER | |
|---|---|
| fixed length control field | 01349cam a2200217 4500 |
| 001 - CONTROL NUMBER | |
| control field | ABS68072 |
| 008 - FIXED-LENGTH DATA ELEMENTS--GENERAL INFORMATION | |
| fixed length control field | 040719n2004 000 0 eng u |
| 035 ## - SYSTEM CONTROL NUMBER | |
| System control number | (Sirsi) u126834 |
| 100 ## - MAIN ENTRY--PERSONAL NAME | |
| Personal name | Roberts, P. |
| 245 ## - TITLE STATEMENT | |
| Title | Wealth from waste: local and regional economic development and the environment |
| 260 ## - PUBLICATION, DISTRIBUTION, ETC. | |
| Date of publication, distribution, etc. | 2004 |
| 490 ## - SERIES STATEMENT | |
| Series statement | Geographical Journal |
| Volume/sequential designation | 170(2) June 2004, 126-134(9) |
| 520 ## - SUMMARY, ETC. | |
| Summary, etc. | Argues that sustainable economic development strategies promote mutually-beneficial environmental, social and economic progress. Such strategies now form the basis for local and regional development. Various models of sustainable economic and environmental industry development have been introduced in recent years, some of which have proved to be of particular value. The theory and practice of sustainable economic development has made rapid progress and this approach to local and regional development is now generally accepted as offering the opportunity to solve a range of environmental and economic problems and to promote new economic activities that can generate jobs in socially excluded communities. References. [Taken from journal abstract]. |
| 590 ## - LOCAL NOTE (RLIN) | |
| Local note | ABS |
| 590 ## - LOCAL NOTE (RLIN) | |
| Local note | ABS |
| 650 ## - SUBJECT ADDED ENTRY--TOPICAL TERM | |
| Topical term or geographic name entry element | ECONOMIC DEVELOPMENT |
| 650 ## - SUBJECT ADDED ENTRY--TOPICAL TERM | |
| Topical term or geographic name entry element | REGIONAL DEVELOPMENT |
| 650 ## - SUBJECT ADDED ENTRY--TOPICAL TERM | |
| Topical term or geographic name entry element | SUSTAINABLE ENVIRONMENT |
| 690 ## - LOCAL SUBJECT ADDED ENTRY--TOPICAL TERM (OCLC, RLIN) | |
| Topical term or geographic name as entry element | WASTE MANAGEMENT |
| 942 ## - ADDED ENTRY ELEMENTS (KOHA) | |
| Suppress in OPAC | 0 |
| Withdrawn status | Lost status | Source of classification or shelving scheme | Damaged status | Not for loan | Home library | Current library | Shelving location | Date acquired | Total Checkouts | Full call number | Barcode | Date last seen | Copy number | Price effective from | Koha item type |
|---|---|---|---|---|---|---|---|---|---|---|---|---|---|---|---|
| Dewey Decimal Classification | London | London | Journal article | 19/07/2004 | ABS68072 | 126834-1001 | 06/08/2019 | 1 | 06/08/2019 | Journal article |